000 00585nam a2200181Ia 4500
003 LK-CoDNM
008 010623t2010 xxu||||| |||| 00| 1 sin d
040 _aLK-CoDNM
_dLK-CoDNM
_eLK-CoDNM
041 _asin
080 _a37
_bSEN
100 _aHewapathirana,Chitrangani
245 _aඅධ්‍යාපනය සඳහා සමාජානුයෝජන කාරකවල වැදගත්කම
246 _aAdyapanaya sadaha Samajanuyojana Karakawala Wadagatkama
260 _bGodage
_aColombo
_c2010
300 _b236, 21 cm
700 _aSenadeera,Silvi
942 _cBK
999 _c129575
_d129575